| 000 | 00710nam a2200205 a 4500 | ||
|---|---|---|---|
| 005 | 20140412111237.0 | ||
| 008 | 000904s19uu xx 00 eng d | ||
| 020 | _a0-440-40349-9 | ||
| 050 |
_aM 001.9 _bA41 1989 |
||
| 100 | _aAsimov, Isaac | ||
| 245 |
_aIsaac Asimov's library on the universe : _bunidentified flying objects / _cby Isaac Asimov. |
||
| 260 |
_aNew York : _bDell Publishing, _c1989. |
||
| 300 | _a32 p. | ||
| 440 | _aLibrary of the Universe | ||
| 500 | _aIncludes bibliography and index. | ||
| 520 | _aIsaac Asimov's library of the universe. Briefly discusses facts and fantasies about UFO's | ||
| 650 | _aUnidentified flying objects | ||
| 650 | _aAsimov, Isaac, 1920 | ||
| 999 |
_c102485 _d102485 |
||